Statistics for Countries nearest to Uk

Click here to take the quiz!

General Stats

  • This quiz has been taken 39 times
  • The average score is 10 of 15

Answer Stats

HintAnswer% Correct
0France
100%
0Ireland
100%
757Belgium
97%
932Germany
97%
677Netherlands
97%
1664Spain
92%
900Norway
89%
1404Sweden
82%
1249Switzerland
61%
6830United States
58%
1475Andorra
50%
1413Czech Republic
24%
1644Slovenia
16%
2470Ukraine
13%
2352Moldova
8%

Score Distribution

Percentile by Number Answered

Percent of People with Each Score

Your Score History

You have not taken this quiz